| 000 | 00000nam 2200000za 4500 |
| 001 | 9.810660 |
| 003 | CaOODSP |
| 005 | 20250514101519 |
| 007 | cr ||||||||||| |
| 008 | 160915s2016 qucbo|||o f|0| 0 fre d |
| 020 | |a978-0-660-04521-4 |
| 040 | |aCaOODSP|bfre |
| 043 | |an-cn--- |
| 086 | 1 |aEn4-9/2016F-PDF |
| 100 | 1 |aHébert, Serge. |
| 245 | 13|aLa qualité de l'eau du secteur fluvial |h[ressource électronique] : |bparamètres physico-chimiques et bactériologiques / |c[source des données et rédaction par Serge Hébert]. |
| 250 | |a4e éd. |
| 260 | |a[Gatineau, Québec] : |bEnvironnement et Changement climatique Canada, |cc2016. |
| 300 | |a4 p. : |bfig., graphiques, cartes, photographies. |
| 500 | |aPublié aussi en anglais sous le titre : Water quality in the fluvial section: physicochemical and bacteriological parameters. |
| 520 | |aLa qualité de l’eau du Saint-Laurent a été évaluée à partir d’échantillons mensuels prélevés entre mai et octobre au cours des étés 2012 à 2014. La qualité de l’eau du Saint-Laurent est jugée dans un état d’intermédiaire à bon, 52% des 27 sites de suivi présentant une eau de bonne qualité. ... |
| 692 | 07|2gccst|aQualité de l'eau |
| 692 | 07|2gccst|aFleuve |
| 692 | 07|2gccst|aBactérie |
| 710 | 1 |aCanada. |bEnvironnement et changement climatique Canada. |
| 775 | 08|tWater quality in the fluvial section |w(CaOODSP)9.810656 |
| 794 | |tLa qualité de l'eau du secteur fluvial : |w(CaOODSP)9.951089 |
| 856 | 40|qPDF|s2.27 Mo|uhttps://publications.gc.ca/collections/collection_2016/eccc/En4-9-2016-fra.pdf |